[Event "Campeonato Nacional da 1ª divisão"]
[Site "Torres Vedras"]
[Date "2011.07.23"]
[Round "1.7"]
[White "Korneev, Oleg"]
[Black "Marques, Rui Filipe Pereira"]
[Result "1-0"]
[WhiteElo "2588"]
[BlackElo "2135"]
[PlyCount "47"]
[EventDate "2011.07.23"]

1. e4 c5 2. Nf3 d6 3. d4 cxd4 4. Nxd4 Nf6 5. Nc3 g6 6. Be3 Bg7 7. f3 a6 8. Qd2
Nbd7 9. g4 b5 10. O-O-O Bb7 11. Kb1 Rc8 12. g5 Nh5 13. Bh3 Nb6 14. Bxc8 Qxc8
15. Rhf1 Nc4 16. Qd3 e5 17. Nde2 O-O 18. Bc1 Nf4 19. Nxf4 exf4 20. Ne2 d5 21.
exd5 Qc5 22. Nxf4 Rd8 23. Rfe1 Na3+ 24. Qxa3 1-0

[Event "Campeonato Nacional da 1ª divisão"]
[Site "Torres Vedras"]
[Date "2011.07.23"]
[Round "1.7"]
[White "Vasconcellos, Renato Fialho de Men"]
[Black "Ftacnik, Lubomir"]
[Result "0-1"]
[WhiteElo "2069"]
[BlackElo "2626"]
[PlyCount "52"]
[EventDate "2011.07.23"]

1. c4 b6 2. Nf3 Bb7 3. Nc3 c5 4. e3 g6 5. Be2 Bg7 6. O-O Nf6 7. d4 O-O 8. Re1
e6 9. Rb1 Na6 10. a3 d5 11. cxd5 Nxd5 12. Nxd5 Qxd5 13. Qa4 Nc7 14. dxc5 Qe4
15. Qxe4 Bxe4 16. Ra1 bxc5 17. Nd2 Bd5 18. Bc4 Rab8 19. Ra2 Rfd8 20. Kf1 Nb5
21. Bxd5 exd5 22. Rd1 c4 23. a4 Nd6 24. Nb1 Ne4 25. f3 Nc5 26. Na3 Nxa4 0-1

[Event "Campeonato Nacional da 1ª divisão"]
[Site "Torres Vedras"]
[Date "2011.07.23"]
[Round "1.7"]
[White "Pereira, Ruben Miguel Nunes"]
[Black "Cruz, Paulo Alexandre Rosa"]
[Result "1-0"]
[WhiteElo "2436"]
[BlackElo "2078"]
[PlyCount "96"]
[EventDate "2011.07.23"]

1. e4 d5 2. exd5 Qxd5 3. Nc3 Qa5 4. Nf3 Bg4 5. d4 c6 6. h3 Bxf3 7. Qxf3 e6 8.
Bc4 Nf6 9. O-O Be7 10. Ne4 Nxe4 11. Qxe4 O-O 12. Bf4 Nd7 13. Qe2 Bf6 14. Rad1
Rfe8 15. Bb3 Nb6 16. Rfe1 Nd5 17. Bd2 Qd8 18. c4 Ne7 19. Bc3 Ng6 20. Qf3 Qc7
21. g3 Red8 22. h4 Qb6 23. h5 Ne7 24. c5 Qc7 25. h6 Nd5 26. hxg7 Bxg7 27. Bc2
Qe7 28. Qe4 h6 29. Kg2 Nxc3 30. bxc3 Qf6 31. Rd3 Qg5 32. Rf3 Re8 33. Qh7+ Kf8
34. Bg6 Re7 35. Rxe6 Rae8 36. Rxf7+ Rxf7 37. Rxe8+ Kxe8 38. Qg8+ Kd7 39. Bxf7
Qf6 40. Qe8+ Kc7 41. Be6 Qf8 42. Qd7+ Kb8 43. d5 Bxc3 44. dxc6 bxc6 45. Qxc6
Bd4 46. Qb5+ Kc7 47. Qa5+ Kc6 48. Qa4+ Kc7 1-0

[Event "Campeonato Nacional da 1ª divisão"]
[Site "Torres Vedras"]
[Date "2011.07.23"]
[Round "1.4"]
[White "Garcia - Ortega Mendez, Jose Manuel"]
[Black "Picard, Romain Antoine"]
[Result "1/2-1/2"]
[WhiteElo "2358"]
[BlackElo "2351"]
[PlyCount "67"]
[EventDate "2011.07.23"]

1. d4 e6 2. c4 b6 3. Nf3 Bb7 4. g3 Nf6 5. Bg2 c5 6. O-O cxd4 7. Qxd4 d6 8. Nc3
a6 9. Rd1 Nbd7 10. b3 Be7 11. Bb2 O-O 12. Ng5 Bxg2 13. Kxg2 Rc8 14. Nge4 Rc6
15. Rd2 Qc7 16. h3 Rc8 17. Rad1 Qb7 18. Kh2 Ne8 19. f4 Qb8 20. Qd3 Nef6 21. e3
Nxe4 22. Nxe4 b5 23. cxb5 axb5 24. Nf2 Bf6 25. Bxf6 Nxf6 26. g4 Rc3 27. Qe2 Nd5
28. Rd3 Rc2 29. R1d2 Rc1 30. Qf3 R8c2 31. e4 Rxd2 32. Rxd2 Rc3 33. Rd3 Rxd3 34.
Nxd3 1/2-1/2

[Event "Campeonato Nacional da 1ª divisão"]
[Site "Torres Vedras"]
[Date "2011.07.23"]
[Round "1.4"]
[White "Padeiro, José João Tato"]
[Black "Cabezas Ayala, Iván Rafael "]
[Result "1/2-1/2"]
[WhiteElo "2304"]
[BlackElo "2336"]
[PlyCount "147"]
[EventDate "2011.07.23"]

1. d4 Nf6 2. c4 g6 3. Nc3 Bg7 4. e4 d6 5. Bd3 O-O 6. Nge2 c6 7. O-O a6 8. f4 e5
9. fxe5 dxe5 10. d5 b5 11. h3 bxc4 12. Bxc4 cxd5 13. Bxd5 Nxd5 14. Nxd5 Be6 15.
Be3 Nc6 16. Rc1 Rc8 17. Nb6 Qxd1 18. Rfxd1 Rcd8 19. Rxd8 Nxd8 20. Bc5 Re8 21.
Nd5 Bxd5 22. exd5 Nb7 23. Ba3 Bf8 24. Bxf8 Kxf8 25. Rc6 a5 26. Rb6 Re7 27. g4
Rd7 28. g5 Ke7 29. Nc3 Nd6 30. Rc6 Rb7 31. b3 Rb4 32. Rc7+ Ke8 33. Ra7 Rd4 34.
Rxa5 Rd3 35. Nb5 Nxb5 36. Rxb5 Rd1+ 37. Kf2 Rd2+ 38. Ke3 Rxa2 39. Rb7 Ra1 40.
b4 Rd1 41. Ke4 Re1+ 42. Kd3 e4+ 43. Kd4 e3 44. Ke5 Rd1 45. Kd6 Kf8 46. Rb8+ Kg7
47. Re8 Rb1 48. Rxe3 Rxb4 49. Kc7 Rc4+ 50. Kd7 h6 51. gxh6+ Kxh6 52. d6 f5 53.
Rd3 Kg7 54. Ke7 Re4+ 55. Kd8 f4 56. d7 Re3 57. Rd1 Rxh3 58. Ke7 Rh8 59. d8=Q
Rxd8 60. Rxd8 g5 61. Rd6 g4 62. Rf6 f3 63. Rf4 Kg6 64. Ke6 Kg5 65. Ke5 g3 66.
Rxf3 Kg4 67. Rf1 g2 68. Ra1 Kf3 69. Ra3+ Kf2 70. Ra2+ Kf3 71. Ra1 Kf2 72. Kf4
g1=Q 73. Ra2+ Kf1 74. Ra1+ 1/2-1/2

[Event "Campeonato Nacional da 1ª divisão"]
[Site "Torres Vedras"]
[Date "2011.07.23"]
[Round "1.4"]
[White "Neves, Pedro Alexandre Maia"]
[Black "Carneiro, Carlos Alberto Carva"]
[Result "1-0"]
[WhiteElo "2198"]
[BlackElo "2278"]
[PlyCount "129"]
[EventDate "2011.07.23"]

1. Nf3 Nf6 2. g3 g6 3. Bg2 Bg7 4. O-O O-O 5. c4 d6 6. Nc3 e5 7. d4 Nbd7 8. Qc2
a5 9. Rd1 Re8 10. h3 c6 11. b3 Qc7 12. dxe5 dxe5 13. Ba3 Bf8 14. Qb2 Bb4 15.
Ne1 Nc5 16. Nd3 Bxa3 17. Qxa3 Na6 18. e4 Be6 19. Qc1 Kg7 20. Qe3 Nd7 21. Rac1
Rad8 22. Rd2 Nf8 23. Rcd1 Bc8 24. c5 Ne6 25. Na4 Rd4 26. f4 f6 27. f5 gxf5 28.
exf5 Ng5 29. g4 Red8 30. Nf2 Rxd2 31. Rxd2 Nf7 32. Ne4 Nb4 33. Ng3 Qe7 34. Nh5+
Kh8 35. Nb6 Rxd2 36. Qxd2 Qxc5+ 37. Qf2 Qxf2+ 38. Kxf2 Nd6 39. Nxf6 Bxf5 40.
gxf5 Nxf5 41. a3 Nd3+ 42. Kg1 Nd4 43. Bf1 Nf4 44. Bc4 Nxh3+ 45. Kh2 Nf4 46. Ne4
h5 47. Nc5 h4 48. Nxb7 Nf3+ 49. Kh1 e4 50. Na4 e3 51. Nc3 Nd4 52. Nxa5 Kg7 53.
Nb7 Kf6 54. a4 Nh3 55. Nc5 Nf2+ 56. Kg2 h3+ 57. Kg3 Ke5 58. a5 Nf5+ 59. Kh2 Nd6
60. Nd7+ Kf4 61. Ne2+ Kg4 62. Ne5+ Kh4 63. a6 Nfe4 64. a7 Nd2 65. Nd4 1-0

[Event "Campeonato Nacional da 1ª divisão"]
[Site "Torres Vedras"]
[Date "2011.07.23"]
[Round "1.4"]
[White "Santos, José Luis Machado Al"]
[Black "Figuero Toro, Julian Francisco"]
[Result "0-1"]
[WhiteElo "2225"]
[BlackElo "2226"]
[PlyCount "56"]
[EventDate "2011.07.23"]

1. e4 c5 2. c3 g6 3. d4 cxd4 4. cxd4 d5 5. e5 Bg7 6. Nc3 Nc6 7. Nge2 f6 8. f4
Nh6 9. Ng3 O-O 10. Be3 Ng4 11. Bg1 fxe5 12. fxe5 Bh6 13. Be2 Ne3 14. Bxe3 Bxe3
15. Bf3 Be6 16. Nge2 Kh8 17. a3 Na5 18. Qd3 Nc4 19. Nd1 Bd2+ 20. Kf2 Bf5 21.
Qb3 Bh6 22. Ng3 Nd2 23. Qxb7 Bg4 24. Re1 Bxf3 25. gxf3 Nxf3 26. Rh1 Rb8 27.
Qxa7 Qc8 28. Qc5 Nxd4+ 0-1

[Event "Campeonato Nacional da 1ª divisão"]
[Site "Torres Vedras"]
[Date "2011.07.23"]
[Round "1.3"]
[White "Johannessen, Leif Erlend"]
[Black "Spraggett, Kevin Barry"]
[Result "0-1"]
[WhiteElo "2496"]
[BlackElo "2573"]
[PlyCount "82"]
[EventDate "2011.07.23"]

1. d4 Nf6 2. c4 c5 3. d5 d6 4. Nc3 g6 5. e4 Bg7 6. f3 O-O 7. Bg5 e6 8. Qd2 exd5
9. cxd5 h6 10. Be3 Nh7 11. Nge2 Nd7 12. Nf4 Ne5 13. Be2 a6 14. a4 Bd7 15. O-O
Re8 16. Kh1 h5 17. Ra3 Qa5 18. Qc2 Rac8 19. Rb1 Nf6 20. Bd2 Kh7 21. Qd1 Qd8 22.
b4 c4 23. Be3 b5 24. axb5 Bxb5 25. Qd2 Re7 26. Bf1 Rb7 27. Nfe2 h4 28. Bg5 h3
29. Nd4 hxg2+ 30. Bxg2 Qe8 31. f4 Nd3 32. f5 Qe5 33. Nf3 Nxe4 34. Nxe4 Qxe4 35.
f6 c3 36. Qc2 Nf2+ 37. Qxf2 Qxb1+ 38. Ng1 Bf8 39. Qh4+ Kg8 40. Bh6 Rc4 41. Qg5
c2 0-1

[Event "Campeonato Nacional da 1ª divisão"]
[Site "Torres Vedras"]
[Date "2011.07.23"]
[Round "1.3"]
[White "Heberla, Bartlomiej "]
[Black "Dias, Paulo"]
[Result "1-0"]
[WhiteElo "2539"]
[BlackElo "2434"]
[PlyCount "63"]
[EventDate "2011.07.23"]

1. c4 e6 2. Nc3 d5 3. d4 Nf6 4. cxd5 exd5 5. Bg5 Be7 6. e3 c6 7. Qc2 O-O 8. Bd3
Nbd7 9. Nge2 Re8 10. O-O-O Nf8 11. h3 Ne4 12. Bxe7 Qxe7 13. Bxe4 dxe4 14. g4 f5
15. Rdg1 Qf7 16. gxf5 Bxf5 17. Ng3 c5 18. d5 a6 19. Nxf5 Qxf5 20. Rg4 Ng6 21.
Rhg1 Rad8 22. f4 Rd7 23. Qg2 b5 24. Kb1 b4 25. Rg5 Qf7 26. Nxe4 Qe7 27. Ng3
Qxe3 28. Nh5 c4 29. Rg3 Qe4+ 30. Qxe4 Rxe4 31. Rg5 Nxf4 32. Nf6+ 1-0

[Event "Campeonato Nacional da 1ª divisão"]
[Site "Torres Vedras"]
[Date "2011.07.23"]
[Round "1.3"]
[White "Andrade, José Manuel Vieira"]
[Black "Luch, Michal"]
[Result "0-1"]
[WhiteElo "2249"]
[BlackElo "2413"]
[PlyCount "60"]
[EventDate "2011.07.23"]

1. e4 c5 2. Nf3 e6 3. c4 Nc6 4. Nc3 Nf6 5. d4 cxd4 6. Nxd4 Bb4 7. Qd3 Nxd4 8.
Qxd4 d6 9. Bg5 e5 10. Qd3 Bxc3+ 11. bxc3 h6 12. Bxf6 Qxf6 13. Rd1 b6 14. Qd5
Rb8 15. Qc6+ Bd7 16. Qc7 Ke7 17. Qxa7 Qg6 18. f3 Rhc8 19. Kf2 Ra8 20. Qxb6
Rxa2+ 21. Kg1 Rxc4 22. Qb3 Rca4 23. c4 R4a3 24. Qb1 Qg5 25. h3 Qe3+ 26. Kh2
Qf4+ 27. Kg1 Qe3+ 28. Kh2 Qxf3 29. Rd3 Qf4+ 30. Kg1 Ra1 0-1

[Event "Campeonato Nacional da 1ª divisão"]
[Site "Torres Vedras"]
[Date "2011.07.23"]
[Round "1.3"]
[White "Butkiewicz, Lukasz"]
[Black "Leite, Catarina dos Anjos d"]
[Result "1-0"]
[WhiteElo "2435"]
[BlackElo "2165"]
[PlyCount "53"]
[EventDate "2011.07.23"]

1. Nc3 Nf6 2. d4 d6 3. e4 g6 4. f4 Bg7 5. Nf3 O-O 6. Bd3 Nbd7 7. e5 Ne8 8. Ne4
c5 9. c3 Qb6 10. Qe2 Nc7 11. a4 a5 12. dxc5 Nxc5 13. Nxc5 dxc5 14. Bc4 Be6 15.
O-O Bxc4 16. Qxc4 Qc6 17. Be3 b6 18. Rae1 Rfd8 19. Bc1 Qd5 20. Qe2 Qc6 21. Qc2
e6 22. Nd2 c4 23. Re4 b5 24. axb5 Nxb5 25. Nxc4 Rac8 26. Be3 Qd5 27. Nb6 1-0

[Event "Campeonato Nacional da 1ª divisão"]
[Site "Torres Vedras"]
[Date "2011.07.23"]
[Round "1.8"]
[White "Silva, António Augusto Maga"]
[Black "Andres Gonzalez, Alberto"]
[Result "1/2-1/2"]
[WhiteElo "2222"]
[BlackElo "2506"]
[PlyCount "86"]
[EventDate "2011.07.23"]

1. c4 e5 2. g3 Nc6 3. Bg2 f5 4. Nc3 Nf6 5. d3 Bb4 6. Nf3 O-O 7. O-O Bxc3 8.
bxc3 d6 9. Rb1 Qe8 10. e3 e4 11. Ne1 b6 12. Nc2 Ne5 13. Nb4 a5 14. f4 axb4 15.
fxe5 Qxe5 16. cxb4 Rxa2 17. d4 Qe8 18. b5 Qh5 19. Qxh5 Nxh5 20. g4 fxg4 21.
Rxf8+ Kxf8 22. Bxe4 g3 23. hxg3 Nxg3 24. Bxh7 Bf5 25. Bxf5 Nxf5 26. c5 Kf7 27.
cxb6 cxb6 28. d5 Re2 29. Kf1 Rc2 30. Ke1 Ne7 31. Bb2 Rh2 32. Kd1 Nxd5 33. Bd4
g5 34. Rb3 Kg6 35. Ra3 Kf5 36. Ra4 Rh4 37. Kd2 Re4 38. Ra8 Re6 39. Kd3 Kg4 40.
Rc8 Kf3 41. Rf8+ Kg3 42. Rf5 Nc7 43. Rxg5+ Kh4 1/2-1/2

[Event "Campeonato Nacional da 1ª divisão"]
[Site "Torres Vedras"]
[Date "2011.07.23"]
[Round "1.8"]
[White "Andres Gonzalez, Ivan"]
[Black "Arauz Alonso, Fernando"]
[Result "*"]
[WhiteElo "2331"]
[BlackElo "2123"]
[PlyCount "165"]
[EventDate "2011.07.23"]

1. Nf3 c6 2. c4 d5 3. e3 Nf6 4. d4 e6 5. Bd3 Be7 6. O-O O-O 7. Nbd2 Nbd7 8. Qc2
h6 9. Rd1 b6 10. e4 dxe4 11. Nxe4 Bb7 12. Bf4 Nxe4 13. Bxe4 Nf6 14. Ne5 Qc8 15.
c5 bxc5 16. dxc5 Bxc5 17. Bf3 Nd5 18. Qxc5 Nxf4 19. Rd6 Nd5 20. Nxc6 Bxc6 21.
Rxc6 Qb7 22. b3 Rac8 23. Bxd5 exd5 24. Rc1 Rxc6 25. Qxc6 Rb8 26. g3 g6 27. Kg2
Kg7 28. Kf3 h5 29. h4 Qe7 30. Qxd5 Rd8 31. Qc6 Rd6 32. Qc3+ Kh7 33. Kg2 Qe4+
34. Qf3 Qe7 35. Rc8 Rf6 36. Qa8 Re6 37. Rh8+ Kg7 38. Rg8+ Kh7 39. Rb8 Rd6 40.
Rh8+ Kg7 41. Re8 Qd7 42. Qe4 Qc6 43. Qxc6 Rxc6 44. Re4 a5 45. Ra4 Rc5 46. Kf3
Kf6 47. Ke3 Ke6 48. Kd3 f6 49. Rc4 Rb5 50. Rc6+ Ke5 51. Kc4 Rb4+ 52. Kc3 Rb5
53. a3 Rd5 54. b4 axb4+ 55. axb4 Rd1 56. b5 Rb1 57. Kc4 Rb2 58. b6 Rxf2 59. b7
Rb2 60. Rc7 Kd6 61. Rh7 Kc6 62. Rh6 Kxb7 63. Rxg6 Rf2 64. Kd5 Kc7 65. Rh6 Kd8
66. Ke6 f5 67. Rh8+ Kc7 68. Ke5 f4 69. gxf4 Re2+ 70. Kf5 Rh2 71. Rh7+ Kd8 72.
Kg5 Rg2+ 73. Kf6 Rh2 74. Rh8+ Kd7 75. f5 Rxh4 76. Kf7 Rb4 77. Ra8 h4 78. f6 Rf4
79. Kg7 Rg4+ 80. Kf8 Ke6 81. f7 Rb4 82. Ra6+ Kf5 83. Kg7 *

[Event "Campeonato Nacional da 1ª divisão"]
[Site "Torres Vedras"]
[Date "2011.07.23"]
[Round "1.8"]
[White "Pintor, Ariana Maciel Abranc"]
[Black "Maisuradze, Nino"]
[Result "0-1"]
[WhiteElo "2095"]
[BlackElo "2329"]
[PlyCount "86"]
[EventDate "2011.07.23"]

1. e4 c5 2. Nf3 Nc6 3. d4 cxd4 4. Nxd4 e5 5. Nb5 d6 6. N1c3 a6 7. Na3 b5 8. Nd5
Nge7 9. Bg5 h6 10. Bxb5 axb5 11. Nxb5 Ra7 12. Nb6 Rd7 13. Nxd7 Qa5+ 14. Bd2
Qxb5 15. Nxf8 Qxb2 16. O-O Kxf8 17. a4 Kg8 18. c3 Ba6 19. Re1 Kh7 20. Rb1 Qa2
21. Rb6 Ra8 22. Bc1 Qc4 23. Qf3 Rf8 24. a5 Nc8 25. Rb1 Nxa5 26. Qf5+ Kh8 27.
Bxh6 gxh6 28. Qf6+ Kh7 29. Re3 Rg8 30. Qf5+ Rg6 31. Rf3 Kg8 32. h4 Nb3 33. Rd1
Nd2 34. Re3 Kg7 35. h5 Rg5 36. Qd7 Nxe4 37. Ra1 Nf6 38. Qd8 Bb7 39. g3 Qd5 40.
f3 Rxg3+ 41. Kh2 Qd2+ 42. Kxg3 Nxh5+ 43. Kh3 Nf4+ 0-1

[Event "Campeonato Nacional da 1ª divisão"]
[Site "Torres Vedras"]
[Date "2011.07.23"]
[Round "1.8"]
[White "Guyard, Rodolphe"]
[Black "Mansilla Tolosa, Luis"]
[Result "0-1"]
[WhiteElo "2141"]
[BlackElo "2073"]
[PlyCount "72"]
[EventDate "2011.07.23"]

1. e4 c5 2. Nf3 d6 3. d4 cxd4 4. Nxd4 Nf6 5. Nc3 a6 6. Be2 e5 7. Nb3 Be7 8. Qd3
Be6 9. Qg3 O-O 10. Be3 b5 11. a3 Qc7 12. O-O Kh8 13. Rad1 Nbd7 14. Bd3 Nb6 15.
Bc1 Nc4 16. Be2 Qc6 17. Qd3 Rac8 18. Nd5 Bxd5 19. exd5 Qc7 20. Bf3 Nd7 21. g4
Qd8 22. Be4 Bg5 23. Bxh7 Bxc1 24. Rxc1 g6 25. Bxg6 fxg6 26. Qxg6 Qf6 27. Qh5+
Kg7 28. g5 Qg6 29. Qg4 Ndb6 30. h4 Rf4 31. Qg3 Rh8 32. f3 Rfxh4 33. Kf2 Rh3 34.
Qg1 Qf5 35. Ke2 Rh2+ 36. Kd1 Rh1 0-1

[Event "Campeonato Nacional da 1ª divisão"]
[Site "Torres Vedras"]
[Date "2011.07.23"]
[Round "1.6"]
[White "Appel, Ralf"]
[Black "Gonzalez Perez, Arian"]
[Result "1/2-1/2"]
[WhiteElo "2522"]
[BlackElo "2490"]
[PlyCount "73"]
[EventDate "2011.07.23"]

1. d4 Nf6 2. Nf3 g6 3. Bf4 Bg7 4. c3 O-O 5. Nbd2 d6 6. e4 c5 7. dxc5 dxc5 8. h3
Nc6 9. Bc4 Nd7 10. O-O Nde5 11. Be2 b6 12. Qc2 Bb7 13. Rfd1 Qc8 14. Nxe5 Bxe5
15. Be3 Qc7 16. Nf3 Bf4 17. Qc1 Bxe3 18. Qxe3 Ne5 19. Nh2 Rad8 20. f4 Rxd1+ 21.
Rxd1 Nc6 22. e5 Rd8 23. Rd2 Rxd2 24. Qxd2 Qd8 25. Nf1 Qxd2 26. Nxd2 g5 27. g3
gxf4 28. gxf4 Kg7 29. Bd3 f6 30. exf6+ exf6 31. Kf2 Bc8 32. Kg3 Ne7 33. Ne4 Bf5
34. Nf2 Bxd3 35. Nxd3 Kg6 36. Ne1 Kf5 37. Kf3 1/2-1/2

[Event "Campeonato Nacional da 1ª divisão"]
[Site "Torres Vedras"]
[Date "2011.07.23"]
[Round "1.6"]
[White "Ferreira, Jorge João Viterbo"]
[Black "Swinkels, Robin"]
[Result "1/2-1/2"]
[WhiteElo "2327"]
[BlackElo "2483"]
[PlyCount "99"]
[EventDate "2011.07.23"]

1. c4 Nf6 2. g3 g6 3. Bg2 d5 4. cxd5 Nxd5 5. Qb3 Nb6 6. Qc3 Rg8 7. Nf3 Bg7 8.
Qc2 Nc6 9. d3 Bg4 10. Nbd2 h6 11. O-O Qd7 12. Nb3 O-O-O 13. Nc5 Qd6 14. Be3 Kb8
15. Rfc1 Bc8 16. a4 a5 17. Nd2 f5 18. Nxb7 Bxb7 19. Bxc6 Bxc6 20. Bxb6 cxb6 21.
Qxc6 Rc8 22. Qb5 Ka7 23. Nc4 Qe6 24. Rc2 Rc5 25. Qb3 Rgc8 26. e3 g5 27. Rac1 f4
28. d4 R5c6 29. Qd3 Qd5 30. b3 e5 31. Qh7 R8c7 32. Nxb6 Kxb6 33. Rxc6+ Rxc6 34.
Rxc6+ Qxc6 35. Qxg7 f3 36. h3 e4 37. Qe5 Qc1+ 38. Kh2 Qd2 39. Qc5+ Kb7 40. Qb5+
Ka7 41. Qc5+ Kb7 42. Qb5+ Ka7 43. Qd7+ Kb6 44. Qe6+ Ka7 45. Qe7+ Kb6 46. Qf6+
Ka7 47. Qg7+ Ka8 48. Qh8+ Kb7 49. Qh7+ Kb8 50. Qh8+ 1/2-1/2

[Event "Campeonato Nacional da 1ª divisão"]
[Site "Torres Vedras"]
[Date "2011.07.23"]
[Round "1.6"]
[White "Hennig, Dirk"]
[Black "Viela, Marco António Folha"]
[Result "1-0"]
[WhiteElo "2396"]
[BlackElo "2219"]
[PlyCount "65"]
[EventDate "2011.07.23"]

1. d4 d5 2. Nf3 Nf6 3. c4 e6 4. Nc3 c5 5. cxd5 exd5 6. Bg5 Nc6 7. Bxf6 gxf6 8.
e3 Be6 9. Bb5 a6 10. Bxc6+ bxc6 11. O-O Rb8 12. Na4 c4 13. b3 Qa5 14. Nh4 Be7
15. Qf3 Rg8 16. Nf5 Rg5 17. Nxe7 Kxe7 18. Nc5 Rbg8 19. g3 c3 20. e4 h5 21. Rfc1
dxe4 22. Qxe4 Rg4 23. Qe3 f5 24. Nxe6 fxe6 25. Qxc3 Qxc3 26. Rxc3 Rxd4 27. Rxc6
Rd6 28. Rxd6 Kxd6 29. Rc1 e5 30. Rc4 Rg4 31. Rc8 a5 32. Rh8 Kd5 33. Rxh5 1-0

[Event "Campeonato Nacional da 1ª divisão"]
[Site "Torres Vedras"]
[Date "2011.07.23"]
[Round "1.6"]
[White "Oliveira, Carlos André Ramalho"]
[Black "Hammes, Michael Florian"]
[Result "0-1"]
[WhiteElo "2189"]
[BlackElo "2391"]
[PlyCount "89"]
[EventDate "2011.07.23"]

1. d4 e6 2. c4 Nf6 3. Nc3 Bb4 4. Qc2 O-O 5. Bg5 h6 6. Bh4 d5 7. a3 Be7 8. Nf3
b6 9. cxd5 exd5 10. Rd1 Bb7 11. e3 Nbd7 12. Qa4 c6 13. Bd3 Re8 14. Bg3 Nh5 15.
Be5 Nhf6 16. Bg3 a6 17. O-O c5 18. dxc5 bxc5 19. Bb1 Qb6 20. Qc2 Nf8 21. Ba2
Rad8 22. Rd2 d4 23. Na4 Qa7 24. Ne5 Bd5 25. Bxd5 Rxd5 26. exd4 Rxd4 27. Rxd4
cxd4 28. Nc6 Qd7 29. Rd1 Ne6 30. h3 Bf8 31. Ne5 Qb7 32. b4 Rc8 33. Qb2 Ne4 34.
Qb3 Nxg3 35. fxg3 Qe4 36. Nf3 Bd6 37. Qd3 Qxd3 38. Rxd3 Bxg3 39. Nb2 Nf4 40.
Rd2 d3 41. Rd1 Rc3 42. Nd2 Rxa3 43. Nf1 Rb3 44. Nxg3 Rxb2 45. Ne4 0-1

[Event "Campeonato Nacional da 1ª divisão"]
[Site "Torres Vedras"]
[Date "2011.07.23"]
[Round "1.2"]
[White "Fernandes, António Manuel de Al"]
[Black "Lanzani, Mario Lorenzo"]
[Result "1/2-1/2"]
[WhiteElo "2417"]
[BlackElo "2357"]
[PlyCount "41"]
[EventDate "2011.07.23"]

1. d4 d5 2. c4 dxc4 3. Nf3 c5 4. d5 e6 5. e4 exd5 6. exd5 Nf6 7. Bxc4 Bd6 8.
O-O O-O 9. Bg5 h6 10. Bh4 Bf5 11. Na3 Nbd7 12. Bd3 Bxd3 13. Qxd3 Re8 14. Nb5
Qb6 15. Rad1 c4 16. Qxc4 Rac8 17. Qd3 Nc5 18. Qc4 Nce4 19. Qd3 Nc5 20. Qc4 Nce4
21. Qd3 1/2-1/2

[Event "Campeonato Nacional da 1ª divisão"]
[Site "Torres Vedras"]
[Date "2011.07.23"]
[Round "1.2"]
[White "Coimbra, Margarida Gonçalves "]
[Black "Romero, Benjamin Abel Garcia"]
[Result "1-0"]
[WhiteElo "2113"]
[BlackElo "2255"]
[PlyCount "41"]
[EventDate "2011.07.23"]

1. e4 c5 2. c3 e6 3. d4 d5 4. Nd2 cxd4 5. cxd4 Nc6 6. Ngf3 Nf6 7. Bd3 dxe4 8.
Nxe4 Bb4+ 9. Nc3 Qa5 10. Bd2 Qb6 11. Be3 Nd5 12. Rc1 Bd7 13. O-O Nxe3 14. fxe3
Rd8 15. Ng5 Ne5 16. Na4 Qa5 17. dxe5 Bxa4 18. Qf3 f5 19. Nxe6 Rxd3 20. Qxf5 Rf8
21. Nxg7+ 1-0

[Event "Campeonato Nacional da 1ª divisão"]
[Site "Torres Vedras"]
[Date "2011.07.23"]
[Round "1.2"]
[White "Cordovil, João Maria da Câmara"]
[Black "Rego, Pedro Filipe Pinho"]
[Result "1/2-1/2"]
[WhiteElo "2195"]
[BlackElo "2112"]
[PlyCount "116"]
[EventDate "2011.07.23"]

1. e4 c5 2. Ne2 g6 3. d3 Bg7 4. g3 Nc6 5. Bg2 Nf6 6. f4 d6 7. O-O O-O 8. h3 Rb8
9. Nd2 Qc7 10. g4 b5 11. Nf3 b4 12. c3 bxc3 13. bxc3 c4 14. Nfd4 cxd3 15. Qxd3
Nd7 16. Be3 Na5 17. Rab1 Nc5 18. Qc2 Ba6 19. Rxb8 Rxb8 20. Rb1 Bd3 21. Rxb8+
Qxb8 22. Qc1 e5 23. fxe5 dxe5 24. Nc2 Bf8 25. Ng3 Nc4 26. Bf2 a5 27. Bf1 Qb2
28. Qxb2 Nxb2 29. Bxd3 Ncxd3 30. Ne2 Bc5 31. Bxc5 Nxc5 32. Ng3 Nd1 33. Na3 Nxc3
34. Nc4 a4 35. a3 f6 36. Kf2 N5xe4+ 37. Nxe4 Nxe4+ 38. Ke3 Nc5 39. Kd2 Kf7 40.
Kc3 Ke6 41. Nb6 Kd6 42. Kc4 Ne4 43. Nxa4 Kc6 44. Nb2 Nf2 45. a4 Kb6 46. Kd5
Nxh3 47. Nc4+ Ka6 48. Ke6 Nf2 49. Kxf6 Nxg4+ 50. Kg5 h5 51. Nd2 Nf2 52. Kxg6 h4
53. Kf5 h3 54. Nf1 e4 55. Kf4 e3 56. Kxe3 Ng4+ 57. Kf3 h2 58. Nxh2 Nxh2+
1/2-1/2

[Event "Campeonato Nacional da 1ª divisão"]
[Site "Torres Vedras"]
[Date "2011.07.23"]
[Round "1.2"]
[White "Afonso, Sara Cerqueira"]
[Black "Retortillo, Enrique Gallardo"]
[Result "0-1"]
[WhiteElo "1743"]
[BlackElo "2149"]
[PlyCount "120"]
[EventDate "2011.07.23"]

1. Nf3 d5 2. d3 Nf6 3. Nbd2 Bf5 4. g3 Nbd7 5. Bg2 e6 6. O-O Be7 7. Re1 O-O 8.
e4 Bg6 9. e5 Ne8 10. Nf1 c5 11. h4 Qb6 12. N1h2 Nc7 13. Rb1 Nb5 14. Bf4 Qa5 15.
a3 Rae8 16. Qc1 c4 17. dxc4 dxc4 18. g4 h5 19. gxh5 Bxh5 20. Bg5 Bc5 21. Be3
Nc7 22. c3 Nd5 23. Bd4 Rc8 24. Qg5 Bg6 25. Rbd1 Be7 26. Qd2 Nc5 27. Bxc5 Qxc5
28. Ng5 Rfd8 29. Qc1 Qc7 30. Nhf3 Nb6 31. Qf4 Rxd1 32. Rxd1 Rd8 33. Rd2 Nd5 34.
Qg4 Bf5 35. Qg3 Nb6 36. Qf4 Rxd2 37. Qxd2 Qd7 38. Nd4 Na4 39. Qe2 Bd3 40. Qd2
Bc5 41. Ngf3 Be4 42. Ng5 Bxg2 43. Kxg2 Qd5+ 44. Ngf3 Qe4 45. Kg3 a6 46. Qc1 Bb6
47. h5 Bc7 48. Qg5 Nxb2 49. h6 Qh7 50. hxg7 Qxg7 51. Qxg7+ Kxg7 52. Ne2 Nd3 53.
Kg2 Nxe5 54. Nxe5 Bxe5 55. Kf3 f5 56. Ke3 a5 57. Nd4 Kf6 58. f3 Bd6 59. Nc2
Bc5+ 60. Ke2 Ke5 0-1

[Event "Campeonato Nacional da 1ª divisão"]
[Site "Torres Vedras"]
[Date "2011.07.23"]
[Round "1.1"]
[White "Andias, João Pedro Menezes"]
[Black "Lima, Darcy Gustavo Machad"]
[Result "0-1"]
[WhiteElo "1891"]
[BlackElo "2493"]
[PlyCount "77"]
[EventDate "2011.07.23"]

1. e4 c6 2. Nc3 d5 3. Nf3 Bg4 4. h3 Bh5 5. g4 Bg6 6. exd5 cxd5 7. Bb5+ Nc6 8.
Ne5 Rc8 9. d4 f6 10. Nxg6 hxg6 11. Qd3 e6 12. Qxg6+ Kd7 13. Bf4 a6 14. Bxc6+
Rxc6 15. O-O-O Ne7 16. Qf7 Qe8 17. Qxe8+ Kxe8 18. Bg3 Nc8 19. h4 Kf7 20. h5 Nb6
21. Ne2 Nc4 22. Rd3 Be7 23. Nf4 Rhc8 24. Ng6 Bd8 25. Rf3 Kg8 26. Bf4 Kh7 27.
Nf8+ Kg8 28. Ng6 Kh7 29. Nf8+ Kg8 30. Ng6 Kh7 31. Rfh3 e5 32. Nf8+ Kg8 33. h6
gxh6 34. Bxh6 exd4 35. Bf4 Kxf8 36. Rh8+ Kg7 37. R1h7+ Kg6 38. Rxb7 Bc7 39.
Rxc7 0-1

[Event "Campeonato Nacional da 1ª divisão"]
[Site "Torres Vedras"]
[Date "2011.07.23"]
[Round "1.1"]
[White "Fernando, Diogo Brigido"]
[Black "Valente, João Nuno Baptista"]
[Result "1-0"]
[WhiteElo "2467"]
[BlackElo "1581"]
[PlyCount "51"]
[EventDate "2011.07.23"]

1. e4 e6 2. d4 d5 3. e5 c5 4. c3 Nc6 5. Nf3 Bd7 6. Be2 Qb6 7. O-O Nh6 8. dxc5
Bxc5 9. Bd3 a5 10. Qe2 Nf5 11. Nbd2 a4 12. Rb1 Qc7 13. Re1 O-O 14. b4 axb3 15.
Nxb3 Bb6 16. Qc2 Rfc8 17. a3 Ncd4 18. Nbxd4 Nxd4 19. Nxd4 Bxd4 20. Bxh7+ Kh8
21. cxd4 Qa5 22. Qe2 Kxh7 23. Rxb7 Be8 24. Rb3 Kg8 25. Bd2 Qa4 26. Qe3 1-0